000
00326 a2200157 4500
001
59076
020
_a
040
_c
Anchieta - Pituba
100
_a
Lima, Lizânias de Souza
240
1
0
_a
História do Brasil
_l
por
245
1
0
_a
História do Brasil
300
_a
286
362
0
_a
1996
650
4
_a
Brasil
942
_c
BK
999
_c
59076
_d
59076